000 00289nam a22001337a 4500
008 170929b xxu||||| |||| 00| 0 eng d
020 _a9780312531133
041 _aeng
080 _210TH
_a37
100 _a47
101 _aEDU
245 _aMODELS FOR WRITERS
_cROSA,A
942 _2udc
_cBK
999 _c30603
_d30603